[Event "Madrid Alcorcon op 1st"]
[Site "Madrid"]
[Date "2022.12.27"]
[Round "3"]
[White "Moreno Sabroso, Ruben"]
[Black "Toquero Gracia, Laura"]
[Result "0-1"]
[WhiteElo "1461"]
[BlackElo "1610"]
[PlyCount "104"]
[EventDate "2022.12.26"]
[EventType "swiss"]
[EventRounds "9"]
[EventCountry "ESP"]
[SourceTitle "CBM 212 Extra"]
[Source "ChessBase"]
[SourceDate "2023.03.31"]
[SourceVersion "1"]
[SourceVersionDate "2023.03.31"]
[SourceQuality "1"]

1. e4 e6 2. d3 d5 3. Nd2 Nd7 4. Ngf3 b6 5. g3 Bb7 6. Bg2 dxe4 7. dxe4 Ngf6 8. Qe2 Bb4 9. c3 Be7 10. 0-0 Nc5 11. e5 Nfe4 12. Nxe4 Nxe4 13. Nd4 Nc5 14. Qb5+ Qd7 15. Bxb7 Nxb7 16. Qxd7+ Kxd7 17. Rd1 Kc8 18. Nc6 Re8 19. b4 Nd8 20. Nxe7+ Rxe7 21. Bg5 Rd7 22. b5 h6 23. Rxd7 Kxd7 24. Rd1+ Ke8 25. Be3 c5 26. f4 Nb7 27. Kf2 Na5 28. Kf3 Nc4 29. Bf2 Na3 30. Be1 Nxb5 31. a4 Na3 32. Ke4 Nc4 33. Ra1 Rd8 34. Ra2 Rd1 35. Bf2 Rb1 36. Be3 Re1 37. Kd3 Nxe3 38. Kd2 Ng2 39. Kd3 Re3+ 40. Kd2 Rf3 41. Ke2 Rxc3 42. Kd2 Rb3 43. Kc2 Rf3 44. Kd1 Rd3+ 45. Ke2 Rb3 46. Kd2 Ne3 47. a5 Nc4+ 48. Kc2 Ra3 49. Rxa3 Nxa3+ 50. Kb3 Nb5 51. axb6 axb6 52. Kc4 Nc7 0-1

[Event "ESP-ch U14"]
[Site "Salobrena"]
[Date "2022.07.21"]
[Round "6"]
[White "Moreno Burillo, Marcos Antonio"]
[Black "Toquero Gracia, Laura"]
[Result "1-0"]
[WhiteElo "1775"]
[BlackElo "1463"]
[PlyCount "111"]
[EventDate "2022.07.18"]
[EventType "swiss"]
[EventRounds "9"]
[EventCountry "ESP"]
[SourceTitle "EXT 2023"]
[Source "ChessBase"]
[SourceDate "2022.10.05"]
[SourceVersion "1"]
[SourceVersionDate "2022.10.05"]
[SourceQuality "1"]

1. d4 c5 2. d5 e5 3. e4 d6 4. c4 Be7 5. Nc3 Bg5 6. Nf3 Bxc1 7. Qxc1 Nf6 8. Be2 Nbd7 9. 0-0 Nf8 10. a3 Ng6 11. b4 b6 12. bxc5 bxc5 13. Qc2 0-0 14. Rab1 Qe7 15. Nd2 Nd7 16. Rfe1 Nb6 17. a4 Nf4 18. Bf1 Qg5 19. Kh1 Bd7 20. a5 Nc8 21. Nf3 Qg6 22. Ne2 Nxe2 23. Bxe2 Bg4 24. Ng1 Bxe2 25. Nxe2 f5 26. exf5 Qxf5 27. Qxf5 Rxf5 28. f3 Ne7 29. Ng3 Rff8 30. Ne4 Rfd8 31. Rb7 Nf5 32. Kg1 Nd4 33. Reb1 Nc2 34. Rc1 Nb4 35. Ra1 Na6 36. Rab1 Nb4 37. Nc3 Rdb8 38. Rxb8+ Rxb8 39. Nb5 Nc2 40. Rc1 Ne3 41. Nxa7 Rb4 42. Nc6 Ra4 43. Rb1 Nxc4 44. Rb8+ Kf7 45. Ra8 Nb6 46. Ra7+ Nd7 47. Rxd7+ Kf6 48. Rxd6+ Kf5 49. Re6 Kf4 50. Rxe5 Ra1+ 51. Kf2 Ra2+ 52. Re2 Ra3 53. d6 Rd3 54. a6 Rxd6 55. a7 Rxc6 56. a8Q 1-0

[Event "ESP-ch States U14"]
[Site "Isla"]
[Date "2022.06.26"]
[Round "6"]
[White "Toquero Gracia, Laura"]
[Black "Costas Senlle, Noa"]
[Result "1-0"]
[WhiteElo "1551"]
[BlackElo "1362"]
[PlyCount "67"]
[EventDate "2022.06.23"]
[EventType "swiss"]
[EventRounds "6"]
[EventCountry "ESP"]
[SourceTitle "EXT 2023"]
[Source "ChessBase"]
[SourceDate "2022.10.05"]
[SourceVersion "1"]
[SourceVersionDate "2022.10.05"]
[SourceQuality "1"]

1. d4 d5 2. Nf3 Nf6 3. c4 e6 4. g3 Be7 5. Bg2 0-0 6. 0-0 c5 7. cxd5 Nxd5 8. dxc5 Bxc5 9. e4 Nf6 10. Qc2 Be7 11. Rd1 Qb6 12. Be3 Qa5 13. Nc3 Nc6 14. a3 Bd7 15. b4 Qc7 16. Nb5 Qb8 17. Nbd4 e5 18. Nxc6 Bxc6 19. Nd2 Rd8 20. h3 Bb5 21. Rac1 Qc8 22. Qxc8 Raxc8 23. Rxc8 Rxc8 24. Bxa7 Ra8 25. Bc5 Bxc5 26. bxc5 Rxa3 27. Nc4 Ra8 28. Nxe5 Re8 29. f4 g6 30. Rd6 Kg7 31. Rb6 Bc6 32. Nxc6 bxc6 33. e5 Rc8 34. exf6+ 1-0

[Event "Llinars del Valles op 1st"]
[Site "Llinars del Valles"]
[Date "2021.07.01"]
[Round "7"]
[White "Clanchet Olle, Josep"]
[Black "Toquero Gracia, Laura"]
[Result "1/2-1/2"]
[WhiteElo "1660"]
[BlackElo "1344"]
[PlyCount "59"]
[EventDate "2021.06.25"]
[EventType "swiss"]
[EventRounds "9"]
[EventCountry "ESP"]
[SourceTitle "CBM 203 Extra"]
[Source "ChessBase"]
[SourceDate "2021.09.30"]
[SourceVersion "1"]
[SourceVersionDate "2021.09.30"]
[SourceQuality "1"]

1. Nf3 d6 2. e4 c5 3. d4 cxd4 4. Nxd4 Nf6 5. Nc3 e6 6. Bc4 a6 7. a4 Qc7 8. Qe2 Nbd7 9. 0-0 Be7 10. Be3 0-0 11. Bxe6 fxe6 12. Nxe6 Qc6 13. Nxf8 Nxf8 14. f3 Be6 15. Rfd1 Ng6 16. Qd2 Ne5 17. Nd5 Bxd5 18. exd5 Qc7 19. b3 Rc8 20. Rac1 b5 21. axb5 axb5 22. Bd4 Ned7 23. c4 bxc4 24. bxc4 Nb6 25. Bxb6 Qxb6+ 26. Qf2 Nd7 27. Re1 Bf6 28. Qxb6 Nxb6 29. Re6 Rxc4 30. Rb1 1/2-1/2

[Event "Llinars del Valles op-B 13th"]
[Site "Llinars del Valles"]
[Date "2019.03.30"]
[Round "1"]
[White "Toquero Gracia, Laura"]
[Black "Robert Sancho, Albert"]
[Result "1/2-1/2"]
[WhiteElo "1135"]
[BlackElo "1544"]
[PlyCount "141"]
[EventDate "2019.03.30"]
[EventType "swiss"]
[EventRounds "8"]
[EventCountry "ESP"]
[SourceTitle "EXT 2020"]
[Source "ChessBase"]
[SourceDate "2019.10.17"]
[SourceVersion "1"]
[SourceVersionDate "2019.10.17"]
[SourceQuality "1"]

1. Nf3 Nc6 2. g3 e5 3. d3 Nf6 4. Bg2 Bc5 5. 0-0 h6 6. c3 d6 7. a4 a5 8. e4 0-0 9. Bd2 Ne7 10. b3 Ng6 11. c4 Nh7 12. Nc3 c6 13. Rb1 f5 14. Qe2 f4 15. Na2 fxg3 16. hxg3 Bg4 17. Nc3 Qf6 18. Qd1 Bxf3 19. Bxf3 Qxf3 20. Qxf3 Rxf3 21. Kg2 Raf8 22. Be1 Rxd3 23. Ne2 Rdf3 24. Ng1 R3f6 25. Nh3 Bb6 26. b4 R6f7 27. bxa5 Bd8 28. Rb2 Ng5 29. Nxg5 Bxg5 30. Bb4 c5 31. Ba3 Be3 32. Re2 Bd4 33. Bc1 Ne7 34. Bd2 Nc6 35. Be1 Ra8 36. a6 Rxa6 37. Ra2 Na5 38. Bxa5 Rxa5 39. Ra3 Ra8 40. Ra2 b6 41. Ra3 Rfa7 42. Rb3 Ra6 43. Rb5 Bc3 44. Rb3 Bb4 45. Rd3 Rd8 46. Rfd1 Rxa4 47. Rxd6 Rxd6 48. Rxd6 Ba5 49. Re6 Rxc4 50. Rxe5 Kf7 51. f4 h5 52. f5 b5 53. Re6 Rb4 54. e5 Rb2+ 55. Kh3 c4 56. Ra6 Bc3 57. e6+ Kf6 58. g4 hxg4+ 59. Kxg4 Rg2+ 60. Kf4 Rf2+ 61. Ke4 Rxf5 62. e7+ Kg5 63. e8Q Re5+ 64. Qxe5+ Bxe5 65. Kxe5 c3 66. Rc6 b4 67. Kd4 Kf4 68. Kd3 g5 69. Rc4+ Kf3 70. Rxb4 g4 71. Rxg4 1/2-1/2

[Event "Llinars del Valles op-B 12th"]
[Site "Llinars del Valles"]
[Date "2018.05.26"]
[Round "6.32"]
[White "Toquero Gracia, Laura"]
[Black "Lobo Pereira, Arami"]
[Result "0-1"]
[WhiteElo "1017"]
[BlackElo "1444"]
[PlyCount "136"]
[EventDate "2018.04.14"]
[EventType "swiss"]
[EventRounds "8"]
[EventCountry "ESP"]
[SourceTitle "CBM 184 Extra"]
[Source "ChessBase"]
[SourceDate "2018.06.28"]
[SourceVersion "1"]
[SourceVersionDate "2018.06.28"]
[SourceQuality "1"]

1. c3 c5 2. d3 Nc6 3. Nf3 g6 4. Nbd2 Bg7 5. e4 e5 6. Be2 Nge7 7. 0-0 0-0 8. Qc2 d6 9. Re1 Kh8 10. h3 f5 11. a3 a5 12. Rb1 Qc7 13. b3 Bd7 14. Bb2 Nd8 15. a4 Ne6 16. Rbc1 Nf4 17. Rb1 Qc8 18. Nc4 Qc7 19. Bc1 Nxe2+ 20. Rxe2 fxe4 21. dxe4 Bxh3 22. Re3 Bg4 23. Ng5 Bf6 24. Rg3 Bxg5 25. Rxg4 Bxc1 26. Qxc1 d5 27. exd5 Nxd5 28. Rh4 Nf4 29. Qe3 Rae8 30. g3 Nh5 31. Qh6 Qf7 32. Rf1 Nxg3 33. Nd6 Ne2+ 34. Kh1 Qf3+ 35. Kh2 Re7 36. Rh3 Qf4+ 37. Qxf4 Rxf4 38. Re3 Rh4+ 39. Kg2 Nf4+ 40. Kg1 Rg4+ 41. Kh1 Rh4+ 42. Kg1 Rg4+ 43. Kh1 h5 44. Rg3 Rxg3 45. fxg3 Ne2 46. Rf8+ Kg7 47. Rf3 Nc1 48. c4 Ne2 49. Nc8 Rf7 50. Rxf7+ Kxf7 51. Kh2 Ke6 52. Na7 Nd4 53. Nb5 Nxb5 54. axb5 Kf5 55. Kh3 g5 56. Kh2 Kg4 57. Kg2 h4 58. Kg1 Kxg3 59. Kh1 e4 60. Kg1 h3 61. Kh1 Kf2 62. Kh2 g4 63. Kh1 e3 64. b4 axb4 65. Kh2 e2 66. b6 b3 67. Kh1 e1Q+ 68. Kh2 Qg1# 0-1

[Event "Roncana op-C 10th"]
[Site "Santa Eulalia de Roncana"]
[Date "2016.11.05"]
[Round "6"]
[White "Toquero Gracia, Laura"]
[Black "Company Fernandez, Miquel"]
[Result "1-0"]
[WhiteElo "1624"]
[BlackElo "1710"]
[PlyCount "89"]
[EventDate "2016.09.24"]
[EventType "swiss"]
[EventRounds "8"]
[EventCountry "ESP"]
[SourceTitle "EXT 2022"]
[Source "ChessBase"]
[SourceDate "2021.10.06"]
[SourceVersion "1"]
[SourceVersionDate "2021.10.06"]
[SourceQuality "1"]

1. e4 e6 2. d4 d5 3. exd5 exd5 4. Nf3 Bd6 5. Nc3 Nf6 6. Bb5+ c6 7. Bd3 Bg4 8. 0-0 0-0 9. h3 Bh5 10. Bg5 Nbd7 11. Bf5 Nb6 12. Qd3 Be7 13. Bxf6 Bxf6 14. Bxh7+ Kh8 15. Na4 Nxa4 16. b3 Nb6 17. Bf5 g6 18. Bg4 Bxg4 19. hxg4 Kg7 20. Rae1 Qc7 21. g5 Be7 22. Re5 Bd6 23. Re3 Rh8 24. Ne5 Rae8 25. Rfe1 Nd7 26. f4 Re7 27. R1e2 Rhe8 28. Qc3 c5 29. Ng4 Rxe3 30. Rxe3 Rxe3 31. Qxe3 cxd4 32. Qxd4+ Be5 33. Nxe5 Nxe5 34. fxe5 Qxc2 35. e6+ Kg8 36. e7 Qc8 37. Qxd5 Kg7 38. Qe5+ Kh7 39. e8R Qxe8 40. Qxe8 Kg7 41. Qb5 b6 42. Qa6 f6 43. gxf6+ Kxf6 44. Qxa7 b5 45. Qb6+ 1-0

[Event "Roncana op-C 9th"]
[Site "Santa Eulalia de Roncana"]
[Date "2015.11.07"]
[Round "5"]
[White "Toquero Gracia, Laura"]
[Black "Naval Gaset, Arnau"]
[Result "0-1"]
[WhiteElo "1708"]
[BlackElo "1712"]
[PlyCount "36"]
[EventDate "2015.10.03"]
[EventType "swiss"]
[EventRounds "8"]
[EventCountry "ESP"]
[SourceTitle "EXT 2017"]
[Source "ChessBase"]
[SourceDate "2016.10.25"]
[SourceVersion "1"]
[SourceVersionDate "2016.10.25"]
[SourceQuality "1"]

1. e4 e5 2. Nf3 Nc6 3. d4 exd4 4. Nxd4 Nxd4 5. Qxd4 Qe7 6. Bb5 c6 7. Bc4 d5 8. Bd3 Bf5 9. 0-0 dxe4 10. Bxe4 c5 11. Qa4+ Bd7 12. Qc4 0-0-0 13. Bf4 Nf6 14. Qc3 Nxe4 15. Qa5 Nd6 16. Qxa7 Bc6 17. Qa5 Qe4 18. Bg3 Qxg2# 0-1

[Event "Roncana op-C 9th"]
[Site "Santa Eulalia de Roncana"]
[Date "2015.10.31"]
[Round "4"]
[White "Gomez Rivera, Judit"]
[Black "Toquero Gracia, Laura"]
[Result "1/2-1/2"]
[WhiteElo "1675"]
[BlackElo "1708"]
[PlyCount "38"]
[EventDate "2015.10.03"]
[EventType "swiss"]
[EventRounds "8"]
[EventCountry "ESP"]
[SourceTitle "EXT 2017"]
[Source "ChessBase"]
[SourceDate "2016.10.25"]
[SourceVersion "1"]
[SourceVersionDate "2016.10.25"]
[SourceQuality "1"]

1. e4 e5 2. Nf3 Nc6 3. d4 exd4 4. Nxd4 Bc5 5. Nf3 Nf6 6. Nc3 d6 7. Bg5 h6 8. Bf4 Bg4 9. Be2 0-0 10. h3 Nd4 11. Nxd4 Bxe2 12. Qxe2 Bxd4 13. Qf3 Bxc3+ 14. Qxc3 Qe8 15. e5 dxe5 16. Bxe5 Qd8 17. 0-0 Qe7 18. Bxc7 Rac8 19. Rae1 Qxc7 1/2-1/2

[Event "Roncana op-C 9th"]
[Site "Santa Eulalia de Roncana"]
[Date "2015.10.24"]
[Round "3"]
[White "Toquero Gracia, Laura"]
[Black "Collazo Casals, Marc"]
[Result "0-1"]
[WhiteElo "1708"]
[BlackElo "1647"]
[PlyCount "65"]
[EventDate "2015.10.03"]
[EventType "swiss"]
[EventRounds "8"]
[EventCountry "ESP"]
[SourceTitle "EXT 2017"]
[Source "ChessBase"]
[SourceDate "2016.10.25"]
[SourceVersion "1"]
[SourceVersionDate "2016.10.25"]
[SourceQuality "1"]

1. e4 e6 2. d4 d5 3. e5 c5 4. Nf3 cxd4 5. Nxd4 Nc6 6. Bb5 Bd7 7. Nf3 Qb6 8. Ba4 Bc5 9. Be3 d4 10. Bxd4 Bxd4 11. Nxd4 Nxd4 12. Bxd7+ Kxd7 13. 0-0 Qxb2 14. Nd2 Ke8 15. Rb1 Qxc2 16. Qxc2 Nxc2 17. Rbc1 Nd4 18. Rce1 Rc8 19. Ne4 Ne7 20. Nd6+ Kd7 21. Nxc8 Rxc8 22. h3 Rc2 23. Rd1 Nec6 24. Rb1 b6 25. Rfe1 Nb4 26. Rbd1 Rc4 27. Rd2 Ke8 28. a3 Nbc2 29. Rxd4 Nxa3 30. Rd2 b5 31. Red1 Nc2 32. Rf1 b4 33. Rd3 0-1

[Event "Roncana op-C 8th"]
[Site "Santa Eulalia de Roncana"]
[Date "2014.11.08"]
[Round "4"]
[White "Collazo Casals, Marc"]
[Black "Toquero Gracia, Laura"]
[Result "1-0"]
[WhiteElo "1711"]
[BlackElo "1700"]
[PlyCount "80"]
[EventDate "2014.10.11"]
[EventType "swiss"]
[EventRounds "8"]
[EventCountry "ESP"]
[SourceTitle "EXT 2016"]
[Source "ChessBase"]
[SourceDate "2015.10.08"]
[SourceVersion "1"]
[SourceVersionDate "2015.10.08"]
[SourceQuality "1"]

1. d4 d5 2. Bf4 Bf5 3. e3 Nc6 4. g3 e6 5. Bg2 Bb4+ 6. c3 Be7 7. Nf3 Nf6 8. Nbd2 0-0 9. 0-0 Bg4 10. Qb3 Na5 11. Qa4 Nc6 12. Be5 h6 13. b4 Bf5 14. b5 Nb8 15. Bxf6 Bxf6 16. c4 dxc4 17. Nxc4 Bd3 18. Rfc1 a6 19. bxa6 bxa6 20. Na5 Nd7 21. Nb7 Qc8 22. Nd6 cxd6 23. Rxc8 Raxc8 24. Qxd7 Rb8 25. Qc6 e5 26. Qc3 e4 27. Nd2 Rfe8 28. a4 Bd8 29. Bh3 d5 30. Qc6 Ba5 31. Rd1 Bb4 32. Qxd5 Bc2 33. Rc1 Rbd8 34. Qa2 Bd3 35. Qb3 Bxd2 36. Rd1 Rb8 37. Qa2 Bc3 38. Bf1 Rb2 39. Qd5 Bc2 40. Rc1 Bb3 1-0

[Event "Roncana op-C 8th"]
[Site "Santa Eulalia de Roncana"]
[Date "2014.10.11"]
[Round "1"]
[White "Toquero Gracia, Laura"]
[Black "Gonzalez Mateo, Gerard"]
[Result "0-1"]
[WhiteElo "1700"]
[BlackElo "1705"]
[PlyCount "48"]
[EventDate "2014.10.11"]
[EventType "swiss"]
[EventRounds "8"]
[EventCountry "ESP"]
[SourceTitle "EXT 2016"]
[Source "ChessBase"]
[SourceDate "2015.10.08"]
[SourceVersion "1"]
[SourceVersionDate "2015.10.08"]
[SourceQuality "1"]

1. e4 c6 2. Nf3 d5 3. e5 Bg4 4. h3 Bxf3 5. Qxf3 Nd7 6. d3 Nxe5 7. Qe3 Qd6 8. d4 Nc4 9. Qe2 g6 10. Nc3 Bg7 11. Qd3 Nf6 12. g3 0-0 13. Bf4 Qb4 14. a3 Qxb2 15. Rb1 Qxa3 16. Ne2 Qa5+ 17. Bd2 Nxd2 18. Qxd2 Qa2 19. Qd1 Ne4 20. Nc3 Nxc3 21. Qg4 Qxb1+ 22. Kd2 Qb4 23. Qd7 Ne4+ 24. Kd1 Qd2# 0-1